000
00248nam a2200097Ia 4500
001
922381
005
20250826191443.0
008
250824s9999 xx 000 0 und d
245
0
_a
FITRAT PEDAGOJİSİ
_c
HATİCE KÜBRA TONGAR
260
_b
HAYY YAYINLARI
999
_c
922381
_d
922381